02256nam a2200421 a 4500003000500000005001700005007000300022008004100025020002200066040001700088082002700105245015000132264006500282300008100347336002700428337002700455338002800482500001800510504004000528505052700568520016701095534002301262650004501285650002801330650003901358650004101397700005101438700004601489700004501535942000801580942000801588942000801596942000801604942000801612942001001620999001901630952018501649CHAP20240130140856.0ta231116s2019 sp ado|fr|||| 001 0 spa d a978-84-17640-93-4 aZcCHAPerda00a636.4083bA93 201922000aAvances en porcicultura: bclaves de futuro /ccoordinador Emilio Magallón; José Luis Noguera [y nueve más], ilustrador Jacob Gragera Artal 1aZaragoza, España: bGrupo Asís Biomedia. Servet, c2019 axii,194 páginas:bilustraciones a color, gráficas, tablas, fotografías 2rdacontentatextobtxt 2rdamediaasin mediobn 2rdacarrieravolumenbnc aej.1: consumo aBibliografía: páginas 188 - 1930 a1. Introducción.-- 2. Avances en la mejora genética porcina.-- 3. Big data e inteligencia artificial.-- Nuevos sistemas de producción.-- 4. Nuevos sistemas de producción.-- 5. Avances tecnológicos en granjas de reproducción.-- 6. Gestión y control de cebaderos automáticos.-- 7. La alimentación porcina en el futuro.-- 8. Avances en sanidad y control de enfermedades.-- 9. Economía circular y granjas con eficiencia energética.-- 10. Gestión de personal en las granjas del futuro.-- Bibliografía. aEsta obra muestra los avances tecnológicos y de gestión que se están desarrollando en las explotaciones porcinas con el objetivo de optimizar su eficiencia. pTítulo original:109145701aCerdos x Cría y explotación17950413aGranjas porcinas139142779aAdopción de innovaciones139146311aTecnología de producción1 9188055aMagallón Botaya, Emilioecoordinador1 9188285aNoguera, José Luisecolaborador1 9185920aGragera Artal, Jacobeilustrador 2ddc 2ddc 2ddc 2ddc 2ddc cLIBRO c219419d219419 00102ddc4051708GRALaZbZd2021-12-31eCompra por licitación Factura n. 237g2129.00iConsumol0o636.4083 A93 2019p5102007402r2023-11-17 00:00:00tEj.1w2023-11-17yLIBRO